[Event "Bogota University op 9th"]
[Site "Bogota"]
[Date "2015.10.12"]
[Round "9"]
[White "Fraile Vela, Maria Isabel"]
[Black "Piedrahita, Danilo"]
[Result "1/2-1/2"]
[WhiteElo "1665"]
[BlackElo "1810"]
[PlyCount "72"]
[EventDate "2015.10.08"]
[EventType "swiss"]
[EventRounds "9"]
[EventCountry "COL"]
[SourceTitle "CBM 168 Extra"]
[Source "ChessBase"]
[SourceDate "2015.10.29"]
[SourceVersion "1"]
[SourceVersionDate "2015.10.29"]
[SourceQuality "1"]

1. e4 c5 2. Nf3 d6 3. d4 cxd4 4. Nxd4 Nf6 5. Nc3 a6 6. Bg5 Nbd7 7. f4 Qb6 8. Rb1 Qc7 9. Be2 b5 10. a3 Bb7 11. Bf3 g6 12. 0-0 Bg7 13. Re1 0-0 14. f5 Ne5 15. Qd2 Nc4 16. Qc1 Nxa3 17. Ra1 Nc4 18. fxg6 hxg6 19. Nde2 b4 20. Nd1 Nxe4 21. Bh6 Nf6 22. Bxg7 Kxg7 23. Bxb7 Qxb7 24. b3 Ne5 25. Nd4 Qb6 26. Qe3 Rab8 27. h3 Rh8 28. Nf2 Rh4 29. Rad1 Nd5 30. Nf5+ gxf5 31. Qg5+ Ng6 32. Rxd5 e6 33. Rd3 Rc8 34. Rg3 Kf8 35. Qf6 Qd8 36. Qxd8+ Rxd8 1/2-1/2

[Event "Medellin Castro Memorial"]
[Site "Medellin"]
[Date "2015.05.01"]
[Round "3"]
[White "Garces Trujillo, Luis Javier"]
[Black "Piedrahita, Danilo"]
[Result "1-0"]
[WhiteElo "1989"]
[BlackElo "1804"]
[PlyCount "132"]
[EventDate "2015.04.30"]
[EventType "swiss"]
[EventRounds "7"]
[EventCountry "COL"]
[SourceTitle "CBM 166 Extra"]
[Source "ChessBase"]
[SourceDate "2015.06.18"]
[SourceVersion "1"]
[SourceVersionDate "2015.06.18"]
[SourceQuality "1"]

1. d4 d5 2. c4 e6 3. Nc3 Nf6 4. Nf3 c6 5. e3 Nbd7 6. Bd3 Bd6 7. 0-0 0-0 8. e4 dxe4 9. Nxe4 Nxe4 10. Bxe4 Nf6 11. Bc2 h6 12. Bd2 Re8 13. Bc3 Bf8 14. Qd3 g6 15. Rfe1 Bg7 16. Rad1 Qc7 17. Ne5 b6 18. Ba4 Bb7 19. Rc1 Rad8 20. Qg3 Nd7 21. Nxc6 Qxg3 22. hxg3 Rc8 23. Nxa7 Rc7 24. Nb5 Rxc4 25. Nd6 Rxa4 26. Nxe8 Bf8 27. a3 Bc6 28. Bd2 Nb8 29. Nf6+ Kg7 30. Ng4 g5 31. Ne5 Bd5 32. Rc7 Bd6 33. Rc2 f6 34. Nf3 g4 35. Nh2 Rxd4 36. Be3 Re4 37. Rec1 Nd7 38. Rc7 Bxc7 39. Rxc7 Rc4 40. Rxd7+ Kg6 41. Nf1 b5 42. Bd2 Rc2 43. Rd8 Rxb2 44. Rg8+ Kf7 45. Rxg4 Bc4 46. Ne3 Rxd2 47. Nxc4 bxc4 48. Rxc4 e5 49. Rc1 Ra2 50. Rc3 Ke6 51. g4 Kf7 52. g3 Kg6 53. Kg2 Kg5 54. Rf3 Kxg4 55. Rxf6 h5 56. Rf3 Ra1 57. Re3 Kf5 58. Rb3 Ra2 59. Kf3 Ra1 60. Ke3 Re1+ 61. Kd3 Rf1 62. Rb2 Ra1 63. Rb3 Rf1 64. Rb8 Ra1 65. Ra8 Kg4 66. Kc4 Rf1 1-0

[Event "Medellin Segunda Categoria Antioquia"]
[Site "Medellin"]
[Date "2015.04.??"]
[Round "5.1"]
[White "Perdomo, Jefferson"]
[Black "Piedrahita, Danilo"]
[Result "1-0"]
[WhiteElo "1995"]
[BlackElo "1762"]
[PlyCount "49"]
[EventDate "2015.04.14"]
[EventType "swiss"]
[EventRounds "7"]
[EventCountry "COL"]
[SourceTitle "EXT 2024"]
[Source "ChessBase"]
[SourceDate "2023.10.10"]
[SourceVersion "1"]
[SourceVersionDate "2023.10.10"]
[SourceQuality "1"]

1. e4 d5 2. exd5 Qxd5 3. Nc3 Qa5 4. Nf3 Bg4 5. h3 Bxf3 6. Qxf3 c6 7. d4 e6 8. Bd2 Qc7 9. Ne4 Be7 10. Bf4 Qd8 11. Qg3 g6 12. Nd6+ Bxd6 13. Bxd6 Nf6 14. Bd3 Nbd7 15. 0-0 Nh5 16. Qe3 Qf6 17. b4 Ng7 18. c4 Nf5 19. Bxf5 Qxf5 20. Rfe1 h5 21. Rad1 Nb6 22. d5 Nxc4 23. Qc3 Kd7 24. dxe6+ fxe6 25. Qxc4 1-0

[Event "Antioquia op"]
[Site "Medellin"]
[Date "2014.04.06"]
[Round "5"]
[White "Restrepo, Hugo"]
[Black "Piedrahita, Danilo"]
[Result "0-1"]
[WhiteElo "1711"]
[BlackElo "1593"]
[PlyCount "68"]
[EventDate "2014.04.03"]
[EventType "swiss"]
[EventRounds "7"]
[EventCountry "COL"]
[SourceTitle "CBM 159 Extra"]
[Source "ChessBase"]
[SourceDate "2014.04.24"]
[SourceVersion "1"]
[SourceVersionDate "2014.04.24"]
[SourceQuality "1"]

1. e4 d5 2. exd5 Qxd5 3. Nc3 Qa5 4. Nf3 c6 5. Bc4 Bg4 6. 0-0 Nf6 7. d4 e6 8. h3 Bh5 9. Re1 Be7 10. Bf4 0-0 11. g4 Bg6 12. Qd2 Bb4 13. Re5 Bxc3 14. bxc3 Nd5 15. Bxd5 cxd5 16. Nh4 Rc8 17. Re3 Nd7 18. Bd6 Rc4 19. Rb1 Rc6 20. Bb4 Qxa2 21. Nxg6 Qxb1+ 22. Re1 Qxe1+ 23. Qxe1 hxg6 24. Kf1 a5 25. Ba3 Rac8 26. Bb2 Nb6 27. Qa1 Nc4 28. Bc1 b6 29. Ke2 Nd6 30. Bd2 Ne4 31. Qb2 Nxc3+ 32. Bxc3 Rxc3 33. Qxb6 Rxc2+ 34. Kf1 a4 0-1

[Event "Antioquia op"]
[Site "Medellin"]
[Date "2014.04.05"]
[Round "3"]
[White "Zapata, Olga Maria"]
[Black "Piedrahita, Danilo"]
[Result "1/2-1/2"]
[WhiteElo "1734"]
[BlackElo "1593"]
[PlyCount "52"]
[EventDate "2014.04.03"]
[EventType "swiss"]
[EventRounds "7"]
[EventCountry "COL"]
[SourceTitle "CBM 159 Extra"]
[Source "ChessBase"]
[SourceDate "2014.04.24"]
[SourceVersion "1"]
[SourceVersionDate "2014.04.24"]
[SourceQuality "1"]

1. d4 d5 2. c4 c6 3. cxd5 cxd5 4. Nc3 Nf6 5. Nf3 e6 6. Bg5 Be7 7. e3 0-0 8. Bd3 Nbd7 9. 0-0 a6 10. Rc1 b5 11. a3 Bb7 12. h3 Rc8 13. b4 Nb6 14. Qb3 Nfd7 15. Bxe7 Qxe7 16. a4 bxa4 17. Nxa4 Nxa4 18. Qxa4 Qd6 19. Nd2 Nb8 20. Nb3 Bc6 21. Qa5 Bd7 22. Rc5 Nc6 23. Qa3 Rb8 24. Bxa6 Rxb4 25. Rb5 Rb8 26. Rxb8+ Nxb8 1/2-1/2

[Event "Medellin de Segunda Cat. Antioquia"]
[Site "Medellin"]
[Date "2014.03.28"]
[Round "7.15"]
[White "Ossa, Vladimir"]
[Black "Piedrahita, Danilo"]
[Result "1-0"]
[WhiteElo "1974"]
[BlackElo "1600"]
[PlyCount "65"]
[EventDate "2014.03.19"]
[EventType "swiss"]
[EventRounds "7"]
[EventCountry "COL"]
[SourceTitle "EXT 2024"]
[Source "ChessBase"]
[SourceDate "2023.10.10"]
[SourceVersion "1"]
[SourceVersionDate "2023.10.10"]
[SourceQuality "1"]

1. e4 e5 2. Nc3 Nf6 3. f4 d6 4. Nf3 Bg4 5. Bc4 Bxf3 6. Qxf3 c6 7. d3 Qc7 8. g4 Qe7 9. g5 Nfd7 10. f5 f6 11. h4 b5 12. Bb3 Na6 13. Be3 Nac5 14. Qh5+ Kd8 15. Bf7 Kc7 16. b4 Nb7 17. a4 bxa4 18. b5 Nd8 19. Bd5 Rb8 20. Rxa4 Nb6 21. Rxa7+ Rb7 22. Ra6 Nxd5 23. exd5 c5 24. Kd2 Qd7 25. Qf3 Be7 26. Rha1 Qc8 27. Rc6+ Nxc6 28. dxc6 Rb8 29. Nd5+ Kd8 30. c7+ Ke8 31. cxb8Q Qxb8 32. b6 Bd8 33. Ra8 1-0

[Event "Medellin de Segunda Cat. Antioquia"]
[Site "Medellin"]
[Date "2014.03.27"]
[Round "6.7"]
[White "Piedrahita, Danilo"]
[Black "Loaiza, John Mario"]
[Result "0-1"]
[WhiteElo "1600"]
[BlackElo "1989"]
[PlyCount "69"]
[EventDate "2014.03.19"]
[EventType "swiss"]
[EventRounds "7"]
[EventCountry "COL"]
[SourceTitle "EXT 2024"]
[Source "ChessBase"]
[SourceDate "2023.10.10"]
[SourceVersion "1"]
[SourceVersionDate "2023.10.10"]
[SourceQuality "1"]

1. d4 Nf6 2. c4 g6 3. Nf3 d5 4. e3 Bg7 5. Nbd2 0-0 6. Bd3 Nc6 7. a3 e5 8. dxe5 Ng4 9. cxd5 Qxd5 10. Bc4 Qc5 11. b4 Qe7 12. Bb2 Ngxe5 13. Qc2 Bf5 14. Qb3 Rad8 15. Nxe5 Nxe5 16. Bxe5 Bxe5 17. Rc1 Qg5 18. Bd5 c6 19. Bf3 Rd3 20. Qa4 Rfd8 21. h4 Qe7 22. Nb1 Rxe3+ 23. Kf1 Red3 24. Re1 Qc7 25. Qxa7 Bd4 26. Qa5 b6 27. Qa6 Bc3 28. Nxc3 Rxf3 29. Ne2 Bd3 30. Qa4 b5 31. Qd1 Rf5 32. Kg1 Qb6 33. Rf1 Re5 34. Re1 Bxe2 35. Qc1 0-1

[Event "Medellin de Segunda Cat. Antioquia"]
[Site "Medellin"]
[Date "2014.03.19"]
[Round "1.15"]
[White "Ruiz Agudelo, Santiago"]
[Black "Piedrahita, Danilo"]
[Result "1-0"]
[WhiteElo "1725"]
[BlackElo "1600"]
[PlyCount "75"]
[EventDate "2014.03.19"]
[EventType "swiss"]
[EventRounds "7"]
[EventCountry "COL"]
[SourceTitle "EXT 2024"]
[Source "ChessBase"]
[SourceDate "2023.10.10"]
[SourceVersion "1"]
[SourceVersionDate "2023.10.10"]
[SourceQuality "1"]

1. e4 e5 2. Nf3 Nf6 3. Nxe5 d6 4. Nf3 Nxe4 5. Nc3 Nf6 6. d4 d5 7. Bf4 c6 8. Bd3 Bd6 9. Bxd6 Qxd6 10. 0-0 0-0 11. h3 h6 12. Ne2 Be6 13. b3 b5 14. Qd2 Na6 15. c3 Nc7 16. Nf4 a6 17. Rfe1 Bd7 18. c4 dxc4 19. bxc4 bxc4 20. Bxc4 Ncd5 21. Nd3 Rfb8 22. Nc5 a5 23. Ne5 Be8 24. Rab1 Nb6 25. Bb3 Nbd7 26. Ncxd7 Nxd7 27. Nxd7 Qxd7 28. d5 Rd8 29. Rbd1 cxd5 30. Qxd5 Qxd5 31. Bxd5 Rab8 32. Kh2 Kf8 33. Kg1 Rd6 34. Bc4 Rdb6 35. Re5 a4 36. Rde1 Rb4 37. Bd5 R4b5 38. Rxe8+ 1-0

[Event "Departamental Tercera Antioquia"]
[Site "Medellin"]
[Date "2014.02.24"]
[Round "1.5"]
[White "Uribe Roman, Alejandro"]
[Black "Piedrahita, Danilo"]
[Result "1-0"]
[WhiteElo "1721"]
[BlackElo "1600"]
[PlyCount "47"]
[EventDate "2014.02.24"]
[EventType "swiss"]
[EventRounds "7"]
[EventCountry "COL"]
[SourceTitle "EXT 2024"]
[Source "ChessBase"]
[SourceDate "2023.10.10"]
[SourceVersion "1"]
[SourceVersionDate "2023.10.10"]
[SourceQuality "1"]

1. e4 c6 2. d4 d5 3. exd5 cxd5 4. Bd3 Nc6 5. c3 g6 6. Bf4 Bg7 7. Nd2 Qb6 8. Qb3 Qxb3 9. axb3 Nf6 10. Ngf3 Bd7 11. 0-0 0-0 12. Rfe1 Nh5 13. Bg3 Nxg3 14. hxg3 Rfe8 15. b4 a6 16. Nb3 e5 17. dxe5 Nxe5 18. Nxe5 Rxe5 19. Nc5 Bc6 20. Rxe5 Bxe5 21. b5 Be8 22. Nxb7 Bc7 23. bxa6 Bc6 24. Na5 1-0